000 00469nam a22001817a 4500
003 NUST - PNEC
005 20170116181133.0
008 151006b xxu||||| |||| 00| 0 eng d
020 _a-
040 _cLIBRARY
082 _a891.4393 FAR
100 _914084
_aFarhat Ishtiaq
245 _aHumsafar
_c Farhat Ishtiaq
260 _cc.2012
_aLahore:
_bIlm-o-Irfan Publications;
300 _a320 pages
650 _914086
_aUrdu literature
_xFiction
942 _2ddc
_cBK
999 _c70065
_d70065